|
|
|
|
| LEADER |
00000nab a2200000 a 4500 |
| 001 |
vtls000740955 |
| 003 |
SK-MaSNL |
| 005 |
20260304105226.0 |
| 008 |
250429c2000 xo 0 slo |
| 015 |
|
|
|a SNBRB2000/12-34526
|
| 035 |
|
|
|a CLN000092798
|
| 035 |
|
|
|a urn:nbn:sk:snk-ab1qsh
|
| 035 |
|
|
|a (urnnbn)urn:nbn:sk:snk:ar-005tne
|
| 035 |
|
|
|a (uuid)923e9b85-7709-40ac-bd22-6eeb4d25e652
|
| 040 |
|
|
|a SNKBUCL
|b slo
|c SNKBUCL
|e AACR2
|
| 041 |
0 |
|
|a slo
|
| 044 |
|
|
|a xo
|c SK
|
| 080 |
|
|
|a 021.8(437.6)
|2 1997
|
| 080 |
|
|
|a 021(437.6)
|2 1997
|
| 100 |
1 |
|
|a Katuščák, Dušan,
|d 1946-
|4 aut
|9 13812
|
| 245 |
1 |
0 |
|a Knižničný zákon a knižničný systém Slovenskej republiky
|c Dušan Katuščák
|
| 300 |
|
|
|b Fotogr., obr.
|
| 500 |
|
|
|a Pokračovanie v č. 2
|
| 650 |
0 |
7 |
|a knižnice
|x systémy knižničné
|z Slovensko
|2 snkbucl
|9 1406284
|
| 655 |
|
7 |
|a články z novín a časopisov
|2 snkbucl
|9 267496
|
| 773 |
0 |
|
|t Knižnica
|g Roč. 1, č. 1 (2000), s. 10-16
|x 1335-7026
|
| 850 |
|
|
|a Slovenská národná knižnica
|
| 852 |
|
|
|a Slovenská národná knižnica
|
| 856 |
4 |
1 |
|u http://www.snk.sk/swift_data/source/casopis_kniznica/2000/1_2000/10.pdf
|
| 954 |
|
|
|a odborná, vedecká literatúra pôvodná (slovenská)
|2 lita
|
| 958 |
|
|
|a article2022
|
| 958 |
|
|
|a SK
|
| 958 |
|
|
|a KL
|
| 958 |
|
|
|a OND
|
| 958 |
|
|
|a EUIPO
|
| 992 |
|
|
|a RBX
|
| 999 |
|
|
|c 2854841
|d 2856771
|